Pengembaraan Tom Sawyer : Mark Twain

Bibliographic Details
Main Author: Twain, Mark
Format: Book
Published: Kuala Lumpur : DBP , 1995
Series:Mark Twain
Subjects:

MARC

LEADER 00000cam a2200000 7i4500
001 0000007328
002 000007881
005 20000330.0
020 |a 9836247548 
090 0 0 |a JF   |b TWA 
100 1 |a Twain, Mark 
245 1 0 |a Pengembaraan Tom Sawyer :   |b Mark Twain 
260 |a Kuala Lumpur :   |b DBP ,   |c 1995 
300 |a 311p. ;   |c 18cm. 
490 0 |a Mark Twain 
650 0 0 |a Adventure stories 
999 |a 055316   |b BUKU   |c PINJAMAN   |e PERPUSTAKAAN KOMUNITI CAW KOTA DAMANSARA 
999 |a 055317   |b BUKU   |c PINJAMAN   |e PERPUSTAKAAN KOMUNITI PETALING JAYA